Estrutura da paisagem da bacia hidrográfica do rio Peixe-Boi com base na fragmentação da vegetação (Registro n. 337698)
[ somente texto ]
| 000 -LÍDER | |
|---|---|
| fixed length control field | 03890nab a2200349 i 4500 |
| 003 - CÓDIGO MARC DA AGÊNCIA CATALOGADORA | |
| Campo de controle | BR-BrBNA |
| 005 - DATA E HORA DA ÚLTIMA ATUALIZAÇÃO | |
| Campo de controle | 20250820120020.0 |
| 008 - CAMPO DE TAMANHO FIXO | |
| fixed length control field | 250820b2015 bl.qr|pooa||| 00| 0 por | |
| 040 ## - FONTE DA CATALOGAÇÃO | |
| Agência catalogadora | BR-BrBNA |
| Idioma da catalogação | por |
| 072 ## - CATEGORIA AGRIS | |
| Código AGRIS | P01 |
| 072 ## - CATEGORIA AGRIS | |
| Código AGRIS | U40 |
| 100 ## - ENTRADA PRINCIPAL - NOME PESSOAL | |
| Nome pessoal | Pereira, Bruno Wendell de Freitas |
| 100 ## - ENTRADA PRINCIPAL - NOME PESSOAL | |
| Nome pessoal | Maciel, Maria de Nazaré Martins |
| 100 ## - ENTRADA PRINCIPAL - NOME PESSOAL | |
| Nome pessoal | Oliveira, Francisco de Assis |
| 100 ## - ENTRADA PRINCIPAL - NOME PESSOAL | |
| Nome pessoal | Silva, Hugo Amancio Sales |
| 100 ## - ENTRADA PRINCIPAL - NOME PESSOAL | |
| Nome pessoal | Braga, Thais Gleice Martins |
| 100 ## - ENTRADA PRINCIPAL - NOME PESSOAL | |
| Nome pessoal | Figueiredo, Deivisson Bacha |
| 245 ## - TÍTULO PRINCIPAL | |
| Título principal | Estrutura da paisagem da bacia hidrográfica do rio Peixe-Boi com base na fragmentação da vegetação |
| 500 ## - NOTA GERAL | |
| Nota geral | <br/><br/>Publicação online; 25 ref.; 3 illus.; Summaries (En, Pt) |
| 942 ## - ADDED ENTRY ELEMENTS (KOHA) | |
| Koha item type | Analítica |
| 520 ## - NOTA DE RESUMO | |
| Nota de conteúdo | <br/><br/><br/>RESUMO: A relevância ambiental das bacias hidrográficas no contexto da manutenção e conservação da biodiversidade tem se tornado cada vez mais notória. A compreensão dos processos antrópicos nas áreas das bacias serve como subsídio para implementação de políticas públicas mitigatórias aos danos ambientais. O objetivo foi realizar, a partir de técnicas e produtos de sensoriamento remoto e geoprocessamento, a análise da estrutura da paisagem da bacia hidrográfica do rio Peixe-Boi, nordeste do estado do Pará, Brasil. Para tanto, será descrita a configuração de seus elementos através de diferentes métricas de paisagem visando à vegetação arbórea. Os resultados indicaram que a paisagem da bacia de estudo é fortemente marcada pela atividade pecuária, pois 36% de suas terras são destinados a este uso produtivo. A vegetação arbórea encontra-se bastante fragmentada, com grande parte desses fragmentos acompanhando os canais fluviais. Verificou-se também que a paisagem da bacia hidrográfica do rio Peixe-Boi está muito comprometida em sua integridade ecológica, pois 79,24% da área de vegetação arbórea é constituída de ambiente de borda, fator que afeta fortemente a qualidade dos ecossistemas existentes. <br/><br/><br/>PALAVRAS-CHAVE: Ecologia de paisagem, Bacia hidrográfica, Fragmentação de ecossistemas |
| 520 ## - NOTA DE RESUMO | |
| Nota de conteúdo | <br/><br/><br/>ABSTRACT: The watersheds environmental importance for the maintenance and conservation of biodiversity has become more evident. The comprehension of watersheds areas anthropic processes are a subsidy for implementation of mitigation policies to environmental damage. The aim was to analyze the Peixe-Boi river watershed landscape structure, at Northeast Pará, Brazil, using remote sensing techniques and products and geoprocessing. To do so, a configuration of its elements will be described by differentlandscapes metrics aiming the arboreal vegetation. The results indicated that the landscape of the study basin is strongly marked by the livestock, since 36% of its land is assigned for productive uses. The arboreal vegetation is highly fragmented, with most of these fragments following the rivers. It was also found that the Peixe-Boi river watershed landscape is threatened concerning its ecological integrity as 79.24% of the area covered by arboreal vegetation consists of border environment, a factor that strongly affects the quality of existing ecosystems. <br/><br/><br/>KEYWORDS: Landscape ecology, Watershed, Fragmentation of ecosystems |
| 650 ## - ASSUNTO - THESAGRO | |
| Cabeçalho tópico ou nome geográfico | BACIA HIDROGRÁFICA |
| 650 ## - ASSUNTO - THESAGRO | |
| Cabeçalho tópico ou nome geográfico | PAISAGEM |
| 650 ## - ASSUNTO - THESAGRO | |
| Cabeçalho tópico ou nome geográfico | USO DA TERRA |
| 650 ## - ASSUNTO - THESAGRO | |
| Cabeçalho tópico ou nome geográfico | PROTEÇÃO AMBIENTAL |
| 650 ## - ASSUNTO - THESAGRO | |
| Cabeçalho tópico ou nome geográfico | SENSORIAMENTO REMOTO |
| 650 ## - ASSUNTO - THESAGRO | |
| Cabeçalho tópico ou nome geográfico | PARÁ |
| 773 0# - ENTRADA ANALÍTICA | |
| Host Biblionumber | 3551 |
| Registro do item | 345985 |
| Imprenta | Belém-PA Faculdade de Ciências Agrárias do Pará 1999 |
| Outro identificador | 2024-6634 |
| Título | Revista de Ciências Agrárias (Brazil) |
| ISSN | 1517-591X Impresso/Versão online ISSN 2177-8760 |
| Colação | v. 58(2) p. 159-167; (2015) |
| Número de controle de registro | BR2025002706 |
| 856 ## - ACESSO E ENDEREÇO ELETRÔNICO | |
| Identificador uniforme de recurso - URI | https://ajaes.ufra.edu.br/index.php/ajaes/article/view/1798/637 |
Nenhum exemplar disponível.

BINAGRI